Retreat planning made easy: (Record no. 13669)

000 -LEADER
fixed length control field 00584nam a2200181 a 4500
001 - CONTROL NUMBER
control field :::00011492$&:&@@
003 - CONTROL NUMBER IDENTIFIER
control field OkBaRHE
005 - DATE AND TIME OF LATEST TRANSACTION
control field 20000607103409.0
008 - FIXED-LENGTH DATA ELEMENTS--GENERAL INFORMATION
fixed length control field s1985 j 000 0 eng u
040 ## - CATALOGING SOURCE
Transcribing agency
100 1# - MAIN ENTRY--PERSONAL NAME
Personal name Harman, Shirley R.
245 10 - TITLE STATEMENT
Title Retreat planning made easy:
Remainder of title a resource for Christian retreats.
260 ## - PUBLICATION, DISTRIBUTION, ETC. (IMPRINT)
Place of publication, distribution, etc Minneapolis, MN., :
Name of publisher, distributor, etc Augsburg Publishing House
Date of publication, distribution, etc c1985
300 ## - PHYSICAL DESCRIPTION
Extent 40 p. : illus. ;
Dimensions 28 cm.
650 ## - SUBJECT ADDED ENTRY--TOPICAL TERM
Topical term or geographic name as entry element Retreats
942 ## - ADDED ENTRY ELEMENTS (KOHA)
Source of classification or shelving scheme
Koha item type Books
Copies
Damaged status Lost status Date acquired Date last seen Withdrawn status Full call number Shelving location Source of classification or shelving scheme Price effective from Barcode Copy number Koha item type Not for loan Permanent Location
  2010-04-142010-04-14 BX 2375 .H3General Stacks 2010-04-14114921Books RHEMA Bible Training College